000 00420nam a22001697a 4500
005 20251108164212.0
008 250721s1985 xx 000 0 ara d
082 1 4 _a031/موس
245 1 0 _aموسوعة الشباب /
250 _aط3.
264 1 _aسويسرا :
_bميدليفانت،
_c1985.
300 _a604ص
650 1 7 _aالعلوم
650 1 7 _aالموسوعات
942 _2ddc
_cBK
999 _c6234
_d6234